[Event "TCh-HUN 2017-18"]
[Site "Hungary HUN"]
[Date "2017.11.25"]
[Round "1.7"]
[White "Drazic, Sinisa"]
[Black "Lizak, Peter"]
[Result "1-0"]
[WhiteTitle "GM"]
[BlackTitle "IM"]
[WhiteElo "2453"]
[BlackElo "2471"]
[WhiteTeam "HUSI SC"]
[BlackTeam "ASE Paks"]
[WhiteFideId "901172"]
[BlackFideId "731595"]
[EventDate "2017.11.25"]
[EventType "team-tourn"]

1. b3 Nf6 2. Bb2 g6 3. Nf3 Bg7 4. g3 O-O 5. Bg2 d6 6. d4 e5 7. dxe5 Ng4 8. Qd2
Nxe5 9. c4 Nbd7 10. Nc3 a5 11. Rc1 Nc5 12. O-O a4 13. Nxe5 Bxe5 14. b4 a3 15.
Ba1 Na4 16. Nxa4 Rxa4 17. Rfd1 Bxa1 18. Rxa1 Qf6 19. Rab1 Bf5 20. Rb3 Be6 21.
Bd5 c6 22. Bxe6 Qxe6 23. Qc2 b5 24. cxb5 cxb5 25. Rdd3 Qc4 26. Qd2 Re8 27. e3
Re4 28. f3 Re8 29. Kg2 Ra6 30. g4 Rea8 31. e4 Qc8 32. Rbc3 Rc6 33. Rxc6 Qxc6 34.
Rxd6 Qc4 35. g5 Rc8 36. h4 h5 37. gxh6 Kh7 38. Rd7 Rc7 39. Rxc7 Qxc7 40. Qd4
Qc2+ 41. Kg3 Qc7+ 42. f4 f5 43. Qg7+ Qxg7 44. hxg7 fxe4 45. Kf2 Kxg7 46. Ke3 Kh6
47. Kxe4 Kh5 48. f5 gxf5+ 49. Kxf5 Kxh4 50. Ke4 Kg4 51. Kd4 Kf4 52. Kc5 Ke4 53.
Kxb5 Kd3 54. Ka4 1-0

[Event "TCh-HUN 2017-18"]
[Site "Hungary HUN"]
[Date "2017.11.25"]
[Round "1.8"]
[White "Groszpeter, Attila"]
[Black "Borocz, Istvan1"]
[Result "1/2-1/2"]
[WhiteTitle "GM"]
[BlackTitle "IM"]
[WhiteElo "2441"]
[BlackElo "2362"]
[WhiteTeam "ASE Paks"]
[BlackTeam "HUSI SC"]
[WhiteFideId "700053"]
[BlackFideId "703036"]
[EventDate "2017.11.25"]
[EventType "team-tourn"]

1. e4 c6 2. d4 d5 3. e5 Bf5 4. g4 Bd7 5. Be3 e6 6. f4 h5 7. g5 Ne7 8. Nd2 c5 9.
Ngf3 Nf5 10. Bf2 Qb6 11. Bd3 Bb5 12. Bxb5+ Qxb5 13. Qe2 Qxe2+ 14. Kxe2 cxd4 15.
Nb3 Nc6 16. Nfxd4 Ncxd4+ 17. Nxd4 Nxd4+ 18. Bxd4 a6 19. Rhc1 Rc8 20. Kd3 Be7 21.
c4 dxc4+ 22. Rxc4 Rxc4 23. Kxc4 Kd7 24. Kd3 Rc8 25. Be3 g6 26. Rc1 Rxc1 27. Bxc1
Kc6 28. h3 Kd5 29. b3 Bb4 30. Be3 Ba3 31. Bd2 Kc5 32. Be3+ Kb5 33. Bd2 a5 34.
Be3 a4 35. Kc2 Bb4 36. Kd3 Ba3 37. Kc2 Be7 38. Bc1 Bc5 39. Bd2 Bf8 40. Kd3 axb3
41. axb3 Bc5 42. Kc2 Bb4 43. Be3 Be1 44. Kd1 Bc3 45. Kc2 Bb4 46. Kd3 Bc5 47. Bd2
Bg1 48. Kc2 Kc5 49. Kd3 Bf2 50. Ke2 Bg1 51. Kd3 Kb5 52. Kc2 Kc6 53. Kd3 Kc5 54.
Ke4 Bf2 55. Kd3 Kd5 56. Bc1 Be1 57. Be3 Bb4 58. Bc1 Kc5 59. Be3+ Kb5 60. Kc2 Be1
61. Kd1 Bb4 62. Kc2 Bc5 63. Bd2 Bf2 64. Kd3 Bc5 1/2-1/2

[Event "TCh-HUN 2017-18"]
[Site "Hungary HUN"]
[Date "2017.11.25"]
[Round "1.9"]
[White "Dory, Jeno"]
[Black "Kaczur, Florian"]
[Result "0-1"]
[WhiteTitle "IM"]
[BlackTitle "IM"]
[WhiteElo "2228"]
[BlackElo "2458"]
[WhiteTeam "HUSI SC"]
[BlackTeam "ASE Paks"]
[WhiteFideId "700860"]
[BlackFideId "705098"]
[EventDate "2017.11.25"]
[EventType "team-tourn"]

1. e4 e5 2. Nf3 Nc6 3. Bb5 a6 4. Ba4 Nf6 5. O-O b5 6. Bb3 Bc5 7. Nxe5 Nxe5 8. d4
Bxd4 9. Qxd4 d6 10. c3 c5 11. Qd1 Bb7 12. Bg5 c4 13. Bc2 h6 14. Bxf6 Qxf6 15. f4
Nd7 16. Qd4 Rd8 17. Nd2 O-O 18. a4 Nc5 19. axb5 axb5 20. Rae1 Rfe8 21. Re2 Qxd4+
22. cxd4 Ne6 23. Nf3 Nxf4 24. Ree1 Ra8 25. d5 Ng6 26. Nd4 b4 27. Nf5 Ra6 28. Re3
Bc8 29. Rg3 Bxf5 30. exf5 Ne5 31. b3 c3 32. h4 f6 33. Re3 Ra2 34. Rf2 Ra1+ 35.
Rf1 Rea8 36. Re4 Rxf1+ 37. Kxf1 Ra2 38. Re2 Ng4 39. Bb1 Ra1 40. Re1 c2 0-1

[Event "TCh-HUN 2017-18"]
[Site "Hungary HUN"]
[Date "2017.11.25"]
[Round "1.10"]
[White "Videki, Sandor"]
[Black "Portisch, Ferenc"]
[Result "0-1"]
[WhiteTitle "IM"]
[BlackTitle "IM"]
[WhiteElo "2428"]
[BlackElo "2330"]
[WhiteTeam "ASE Paks"]
[BlackTeam "HUSI SC"]
[WhiteFideId "700479"]
[BlackFideId "700487"]
[EventDate "2017.11.25"]
[EventType "team-tourn"]

1. c4 e5 2. Nc3 Nc6 3. g3 g6 4. Bg2 Bg7 5. d3 Nge7 6. Rb1 O-O 7. e3 a6 8. Nge2
Rb8 9. O-O d6 10. b3 Be6 11. Nd5 Bxd5 12. cxd5 Nb4 13. Nc3 e4 14. dxe4 Bxc3 15.
a3 c5 16. axb4 cxb4 17. f4 b5 18. Rb2 a5 19. Ra2 Qb6 20. Bh3 Rb7 21. g4 Ra7 22.
g5 a4 23. f5 axb3 24. Qxb3 gxf5 25. exf5 Rxa2 26. Qxa2 Qc5 27. Rd1 Qc4 28. Qf2
b3 29. f6 Ng6 30. Bf5 Ra8 31. Qg3 b2 32. Qh3 bxc1=Q 33. Rxc1 Qe2 34. Rf1 Be5 35.
Bxg6 hxg6 36. Rf2 Qh5 0-1

[Event "TCh-HUN 2017-18"]
[Site "Hungary HUN"]
[Date "2017.11.25"]
[Round "1.11"]
[White "Erdelyi, Zombor"]
[Black "Lazarne Vajda, Szidonia"]
[Result "1/2-1/2"]
[BlackTitle "IM"]
[WhiteElo "2304"]
[BlackElo "2364"]
[WhiteTeam "HUSI SC"]
[BlackTeam "ASE Paks"]
[WhiteFideId "720410"]
[BlackFideId "723894"]
[EventDate "2017.11.25"]
[EventType "team-tourn"]

1. e4 e5 2. Nf3 Nc6 3. Bb5 Nf6 4. O-O Nxe4 5. d4 Nd6 6. Bxc6 dxc6 7. dxe5 Nf5 8.
Qxd8+ Kxd8 9. Nc3 Ke8 10. h3 Be6 11. g4 Ne7 12. Ng5 Bc4 13. Re1 h6 14. Nge4 Nd5
15. Nd1 Nb4 16. Ne3 Bd5 17. Nd2 Bc5 18. a3 Bxe3 19. axb4 Bxd2 20. Bxd2 h5 21. g5
Be6 22. h4 a6 23. Be3 Rd8 24. f3 Kd7 25. Rad1+ Kc8 26. Kf2 Rxd1 27. Rxd1 Rd8 28.
Rxd8+ 1/2-1/2

[Event "TCh-HUN 2017-18"]
[Site "Hungary HUN"]
[Date "2017.11.25"]
[Round "1.12"]
[White "Krstulovic, Alex"]
[Black "Fuad Kamel Jamaliah, Natalie"]
[Result "1-0"]
[WhiteTitle "FM"]
[BlackTitle "WIM"]
[WhiteElo "2296"]
[BlackElo "2005"]
[WhiteTeam "ASE Paks"]
[BlackTeam "HUSI SC"]
[WhiteFideId "760056"]
[BlackFideId "724190"]
[EventDate "2017.11.25"]
[EventType "team-tourn"]

1. d4 d5 2. c4 e6 3. Nf3 c6 4. Bg5 Nf6 5. Nc3 Be7 6. e3 O-O 7. Qc2 Nbd7 8. cxd5
exd5 9. Bd3 Re8 10. h3 Nf8 11. O-O Ne4 12. Bf4 Ng5 13. Nxg5 Bxg5 14. Bh2 Bh6 15.
Ne2 Bd7 16. b4 g6 17. Rab1 a6 18. a4 b5 19. axb5 axb5 20. Nc3 Ne6 21. Ra1 Qe7
22. Qb3 f5 23. Be5 Rxa1 24. Rxa1 Ng5 25. Ra7 Nf7 26. Bxb5 Qe6 27. Nxd5 Bg5 28.
Bc4 cxd5 29. Bxd5 Qe7 30. Bxf7+ 1-0

[Event "TCh-HUN 2017-18"]
[Site "Hungary HUN"]
[Date "2017.11.25"]
[Round "1.1"]
[White "Mihok, Oliver"]
[Black "Kallai, Gabor"]
[Result "1-0"]
[WhiteTitle "GM"]
[BlackTitle "GM"]
[WhiteElo "2543"]
[BlackElo "2475"]
[WhiteTeam "Duocor-Makoi SVSE"]
[BlackTeam "MTK Budapest"]
[WhiteFideId "728012"]
[BlackFideId "700282"]
[EventDate "2017.11.25"]
[EventType "team-tourn"]

1. e4 e6 2. d4 d5 3. Nc3 Bb4 4. e5 c5 5. a3 Ba5 6. b4 cxd4 7. Qg4 Kf8 8. Nb5 Bb6
9. Nf3 Nc6 10. Qf4 Nge7 11. Ng5 Nf5 12. g4 h6 13. Nxf7 Kxf7 14. gxf5 exf5 15.
Nd6+ Kf8 16. Bd3 Qg5 17. h4 Qxf4 18. Bxf4 g6 19. Rg1 g5 20. hxg5 hxg5 21. Rxg5
Rh4 22. Ke2 Rxf4 23. Rh1 Nxe5 24. Rh8+ Ke7 25. Nxc8+ Kf6 26. Rgg8 Rg4 27. Rf8+
Nf7 28. Nxb6 Rxf8 29. Nd7+ Ke7 30. Rxf8 Nd6 31. Bxf5 Nxf5 32. Rxf5 Kxd7 33.
Rxd5+ Ke6 34. Rd8 Rh4 35. Rb8 Rh7 36. Kd3 Rd7 37. Ke4 Kd6 38. Rc8 Rf7 39. f4 b5
40. Rd8+ 1-0

[Event "TCh-HUN 2017-18"]
[Site "Hungary HUN"]
[Date "2017.11.25"]
[Round "1.2"]
[White "Juhasz, Armin"]
[Black "Popovic, Dusan"]
[Result "1/2-1/2"]
[WhiteTitle "IM"]
[BlackTitle "GM"]
[WhiteElo "2369"]
[BlackElo "2525"]
[WhiteTeam "MTK Budapest"]
[BlackTeam "Duocor-Makoi SVSE"]
[WhiteFideId "724270"]
[BlackFideId "927031"]
[EventDate "2017.11.25"]
[EventType "team-tourn"]

1. d4 Nf6 2. c4 g6 3. Nc3 Bg7 4. e4 O-O 5. Nf3 c6 6. Be2 d5 7. e5 Ne4 8. O-O
Nxc3 9. bxc3 dxc4 10. Bxc4 c5 11. Be3 Nc6 12. Ng5 h6 13. Ne4 cxd4 14. cxd4 Na5
15. Bd3 Bf5 16. Rc1 Rc8 17. Qd2 Rxc1 18. Rxc1 b6 19. h3 Qd7 20. Nc5 bxc5 21.
Bxf5 gxf5 22. Qxa5 cxd4 23. Rd1 d3 24. Qxa7 Qxa7 25. Bxa7 Ra8 26. Bd4 Rxa2 1/2-1/2

[Event "TCh-HUN 2017-18"]
[Site "Hungary HUN"]
[Date "2017.11.25"]
[Round "1.3"]
[White "Sipos, Istvan"]
[Black "Reinhart, Emmanuel"]
[Result "0-1"]
[WhiteTitle "IM"]
[BlackTitle "FM"]
[WhiteElo "2468"]
[BlackElo "2401"]
[WhiteTeam "Duocor-Makoi SVSE"]
[BlackTeam "MTK Budapest"]
[WhiteFideId "720631"]
[BlackFideId "619400"]
[EventDate "2017.11.25"]
[EventType "team-tourn"]

1. e4 c6 2. d4 d5 3. e5 Bf5 4. h4 h6 5. g4 Bd7 6. h5 Qc8 7. Be2 c5 8. c3 Nc6 9.
Be3 e6 10. f4 cxd4 11. cxd4 Qc7 12. Nc3 Na5 13. Nf3 Nc4 14. Bc1 Bb4 15. O-O Bxc3
16. bxc3 Ne7 17. Qb3 g6 18. hxg6 fxg6 19. Rb1 b6 20. Qc2 O-O-O 21. Rf2 h5 22. g5
Nf5 23. Bd3 h4 24. Rh2 h3 25. Kf2 Rdf8 26. Bxf5 gxf5 27. Qd1 Be8 28. Qh1 Rh5 29.
Rxh3 Rfh8 30. Rxh5 Rxh5 31. Qg2 Qh7 32. Be3 Rh3 33. Rg1 Qh5 34. Bc1 Kd8 35. Rf1
Bg6 36. Rg1 Ke7 37. Ke2 Kf8 38. Qf2 Be8 39. Qg2 Ba4 40. Kf2 Bc2 0-1

[Event "TCh-HUN 2017-18"]
[Site "Hungary HUN"]
[Date "2017.11.25"]
[Round "1.4"]
[White "Marosi, Levente"]
[Black "Csonka, Balazs"]
[Result "0-1"]
[WhiteTitle "FM"]
[BlackTitle "FM"]
[WhiteElo "2293"]
[BlackElo "2451"]
[WhiteTeam "MTK Budapest"]
[BlackTeam "Duocor-Makoi SVSE"]
[WhiteFideId "747181"]
[BlackFideId "742910"]
[EventDate "2017.11.25"]
[EventType "team-tourn"]

1. e4 e5 2. Nf3 Nc6 3. d4 exd4 4. Nxd4 Nf6 5. Nxc6 bxc6 6. e5 Qe7 7. Qe2 Nd5 8.
c4 Nb6 9. Nc3 Ba6 10. b3 O-O-O 11. Bb2 Re8 12. O-O-O Qxe5 13. Qf3 Qa5 14. g3 Ba3
15. Bh3 f5 16. Bxa3 Qxa3+ 17. Kc2 g6 18. Rhe1 Qc5 19. Rxe8+ Rxe8 20. Rd2 d5 21.
g4 d4 22. Nd1 Bxc4 23. Kb2 Bd5 24. Qd3 Qb4 25. Ka1 c5 26. gxf5 gxf5 27. Bxf5+
Kb8 28. Nb2 Qc3 29. Rd1 h6 30. Qxc3 dxc3 31. Nd3 c4 32. Nb4 cxb3 33. axb3 Bb7
34. Rc1 Rf8 35. Bg4 Rxf2 36. h3 a5 37. Nd3 Rd2 38. Nc5 h5 39. Bxh5 Rd5 40. Nxb7
Rxh5 41. Nd8 Rxh3 42. Nc6+ Kb7 43. Nxa5+ Ka6 44. Nc6 Nd5 45. Rd1 Kb6 46. Nd4 Nb4
47. Rc1 Rd3 48. Ne2 c2 49. Kb2 Rd1 50. Rxc2 Nxc2 51. Kxc2 Rh1 52. Kc3 Rh3+ 53.
Kb4 Rh4+ 54. Ka3 Kc5 55. Nc3 c6 56. Na4+ Kd4 57. Kb2 Rh5 58. Ka3 Kd3 59. Kb2 Rb5
60. Nc3 Rb8 61. Na4 Rb5 62. Nc3 Rh5 63. Na4 Rh2+ 64. Ka3 Kc2 65. Nc5 Rh4 66. Na6
Kc3 67. Nc5 Rh5 68. Na4+ Kc2 69. Kb4 Rb5+ 70. Kc4 Rxb3 71. Kc5 Ra3 72. Kb4 Rxa4+ 0-1

[Event "TCh-HUN 2017-18"]
[Site "Hungary HUN"]
[Date "2017.11.25"]
[Round "1.5"]
[White "Farkas, Tibor"]
[Black "Juhasz, Kristof"]
[Result "1/2-1/2"]
[WhiteTitle "IM"]
[WhiteElo "2315"]
[BlackElo "1605"]
[WhiteTeam "Duocor-Makoi SVSE"]
[BlackTeam "Aquarena Kobanya SC"]
[WhiteFideId "933333"]
[BlackFideId "764507"]
[EventDate "2017.11.25"]
[EventType "team-tourn"]

1. e4 e6 2. d4 d5 3. Nc3 dxe4 4. Nxe4 Nd7 5. Nf3 Ngf6 6. Nxf6+ Nxf6 7. c3 c5 8.
Ne5 a6 9. Bg5 cxd4 10. Qa4+ Bd7 11. Qxd4 h6 12. Bh4 Bb5 13. Qxd8+ Rxd8 14. Bxb5+
axb5 15. a3 g5 16. Bg3 Ne4 17. Rd1 Bd6 1/2-1/2

[Event "TCh-HUN 2017-18"]
[Site "Hungary HUN"]
[Date "2017.11.25"]
[Round "1.6"]
[White "Szabo, Balazs"]
[Black "Cabarkapa, Novak"]
[Result "0-1"]
[WhiteTitle "FM"]
[BlackTitle "IM"]
[WhiteElo "2254"]
[BlackElo "2432"]
[WhiteTeam "MTK Budapest"]
[BlackTeam "Duocor-Makoi SVSE"]
[WhiteFideId "727105"]
[BlackFideId "943746"]
[EventDate "2017.11.25"]
[EventType "team-tourn"]

1. e4 e6 2. d4 d5 3. Bd3 dxe4 4. Bxe4 Nf6 5. Bf3 c5 6. Ne2 Nc6 7. Be3 e5 8.
Bxc6+ bxc6 9. dxe5 Qxd1+ 10. Kxd1 Ng4 11. Nd2 Ba6 12. h3 Nxe5 13. Re1 O-O-O 14.
Kc1 h6 15. Ng3 Nc4 16. Nxc4 Bxc4 17. Bd2 Bd5 18. f3 g6 19. Bc3 Bd6 20. Ne2 Rhe8
21. b3 Be7 22. Kb2 Bh4 23. g3 Be7 24. Ng1 c4 25. b4 g5 26. a3 Bd6 27. Rxe8 Rxe8
28. Re1 Rd8 29. Be5 c3+ 30. Bxc3 Bxg3 31. Re7 Bd6 32. Re3 Kd7 33. Bf6 Ra8 34.
Be5 Re8 35. Bd4 Rxe3 36. Bxe3 Be5+ 37. Kc1 a6 38. Kd2 Be6 39. Ke2 Kd6 40. Kd3
Bf5+ 41. Kd2 Kd5 42. c3 f6 43. a4 Kc4 44. Ne2 Bxh3 45. f4 Bd6 46. a5 Bg4 47. Nd4
gxf4 48. Bf2 Be5 49. Kc2 f3 50. Nxc6 Bxc3 51. b5 Bf5+ 0-1

[Event "TCh-HUN 2017-18"]
[Site "Hungary HUN"]
[Date "2017.11.25"]
[Round "1.7"]
[White "Tatar Kis, Szabolcs"]
[Black "Laza, Szabolcs"]
[Result "1-0"]
[WhiteTitle "IM"]
[WhiteElo "2378"]
[BlackElo "2173"]
[WhiteTeam "Duocor-Makoi SVSE"]
[BlackTeam "MTK Budapest"]
[WhiteFideId "702595"]
[BlackFideId "741345"]
[EventDate "2017.11.25"]
[EventType "team-tourn"]

1. e4 c5 2. Nf3 Nc6 3. d4 cxd4 4. Nxd4 Nf6 5. Nc3 d6 6. Bc4 Qb6 7. Ndb5 a6 8.
Be3 Qa5 9. Nd4 e6 10. O-O Be7 11. a4 O-O 12. Nb3 Qc7 13. a5 Bd7 14. Bb6 Qc8 15.
f4 Nb4 16. Qe2 Bc6 17. f5 d5 18. exd5 exd5 19. Qxe7 Nxc2 20. Bd3 Nxa1 21. Rxa1
Re8 22. Qd6 Ne4 23. Qf4 Qd7 24. Bd4 Qd6 25. Qg4 Qh6 26. Rf1 Qg5 27. Rf4 f6 28.
h4 Qxg4 29. Rxg4 Kf7 30. Nxe4 1-0

[Event "TCh-HUN 2017-18"]
[Site "Hungary HUN"]
[Date "2017.11.25"]
[Round "1.8"]
[White "Teglas, Balazs"]
[Black "Hajnal, Zoltan"]
[Result "0-1"]
[BlackTitle "IM"]
[WhiteElo "2208"]
[BlackElo "2370"]
[WhiteTeam "MTK Budapest"]
[BlackTeam "Duocor-Makoi SVSE"]
[WhiteFideId "727130"]
[BlackFideId "717754"]
[EventDate "2017.11.25"]
[EventType "team-tourn"]

1. d4 d5 2. Nc3 Nf6 3. Bg5 Nbd7 4. Nf3 g6 5. e3 Bg7 6. Bd3 O-O 7. O-O b6 8. e4
dxe4 9. Nxe4 Bb7 10. Nxf6+ Nxf6 11. c3 Qd6 12. Re1 c5 13. Be3 Ng4 14. dxc5 bxc5
15. Bf1 Bd4 16. Bb5 Bxf3 17. Qxf3 Qxh2+ 18. Kf1 Qh5 19. Qg3 Bxe3 20. fxe3 Rab8
21. a4 a6 22. Bxa6 Qh1+ 23. Ke2 Rxb2+ 24. Kf3 Qh5 25. Re2 Nf6+ 0-1

[Event "TCh-HUN 2017-18"]
[Site "Hungary HUN"]
[Date "2017.11.25"]
[Round "1.9"]
[White "Horvath, Zsolt"]
[Black "Roos, Jean-Luc"]
[Result "1/2-1/2"]
[WhiteTitle "FM"]
[BlackTitle "IM"]
[WhiteElo "2381"]
[BlackElo "2267"]
[WhiteTeam "Duocor-Makoi SVSE"]
[BlackTeam "MTK Budapest"]
[WhiteFideId "723070"]
[BlackFideId "600601"]
[EventDate "2017.11.25"]
[EventType "team-tourn"]

1. e4 e6 2. Nf3 d5 3. e5 c5 4. c3 Nc6 5. Bb5 Ne7 6. O-O Bd7 7. Ba4 Nf5 8. d3 a6
9. Re1 Be7 10. Bc2 Rc8 11. d4 cxd4 12. Bxf5 exf5 13. Nxd4 O-O 14. e6 fxe6 15.
Nxe6 Bxe6 16. Rxe6 Qd7 17. Re1 Bf6 18. Be3 d4 19. cxd4 f4 20. Bxf4 Qxd4 21. Qg4
Be5 22. Qe6+ Kh8 23. Be3 Qxb2 24. Nd2 Rce8 25. Qc4 Bd4 26. Nf3 Bxe3 27. fxe3
Rxe3 28. Rxe3 Qxa1+ 29. Re1 Qf6 30. h3 h6 31. Re6 Qf4 32. Re4 Qf7 33. Qe2 Qf6
34. h4 Qf7 35. Re6 Qf5 36. Qe3 Kh7 37. Re4 Qd5 38. a3 Qf5 39. Re6 Rd8 40. Qe2
Nd4 41. Nxd4 Rxd4 42. h5 Qd3 43. Qxd3+ Rxd3 44. Rb6 Rd5 45. Rxb7 Rxh5 46. Rb4
Rf5 47. a4 Rf6 48. Kh2 Kg6 49. Rb7 a5 50. Ra7 Rf5 51. Kh3 Re5 52. g4 Kf6 53. Kh4
Rg5 54. Kh3 Rd5 55. Kh4 Kg6 56. Kg3 h5 57. gxh5+ Rxh5 58. Ra6+ Kh7 59. Rb6 Rg5+
60. Kh3 Rh5+ 61. Kg3 Rh6 62. Rb5 Ra6 63. Kg4 Kh6 64. Kh4 g6 65. Kg4 1/2-1/2

[Event "TCh-HUN 2017-18"]
[Site "Hungary HUN"]
[Date "2017.11.25"]
[Round "1.10"]
[White "Boros, Daniel"]
[Black "Szalai, Kornel"]
[Result "0-1"]
[BlackTitle "IM"]
[WhiteElo "2272"]
[BlackElo "2397"]
[WhiteTeam "MTK Budapest"]
[BlackTeam "Duocor-Makoi SVSE"]
[WhiteFideId "704091"]
[BlackFideId "724378"]
[EventDate "2017.11.25"]
[EventType "team-tourn"]

1. Nf3 Nf6 2. g3 c5 3. Bg2 g6 4. O-O Bg7 5. d3 O-O 6. e4 Nc6 7. Re1 d6 8. c3 Bg4
9. h3 Bxf3 10. Qxf3 Nd7 11. Na3 Rb8 12. Bd2 b5 13. Qe2 Qc7 14. f4 a5 15. Nc2 Nb6
16. Ne3 Na4 17. Bc1 Qd7 18. Qc2 Rfc8 19. g4 Nd8 20. g5 b4 21. c4 Ne6 22. Qf2 Nd4
23. Kh1 b3 24. f5 Nc2 25. Nxc2 bxc2 26. f6 exf6 27. gxf6 Bh8 28. b3 Qd8 29. Rf1
Nb6 30. Bb2 Nd7 31. Qxc2 Ne5 32. d4 cxd4 33. Bxd4 Bxf6 34. Qc3 Bg7 35. Rad1 Qc7
36. Rf2 Rb7 37. Rdf1 Qd8 38. Bxe5 Bxe5 39. Qd3 Rc5 40. Qf3 a4 41. Rc2 axb3 42.
axb3 Qb6 43. Rb1 Qb4 44. Bf1 Ra5 45. c5 Rxc5 46. Bc4 Rxc4 47. Rxc4 Qxc4 48. bxc4
Rxb1+ 49. Kg2 Rb2+ 50. Kf1 Rc2 51. Qb3 Rc3 52. Qb5 Kg7 53. Qd5 Kf6 54. h4 h5 55.
Ke2 Kg7 56. Kd2 g5 57. hxg5 h4 58. c5 Rxc5 59. Qd3 Rc3 60. Qe2 Kg6 61. Qg4 h3
62. Qf5+ Kg7 63. g6 fxg6 64. Qd7+ Kh6 65. Qe7 g5 66. Qe6+ Kh5 67. Qf7+ Kh4 68.
Qf2+ Rg3 69. Qf5 Rg2+ 70. Ke3 Bf4+ 71. Kf3 g4+ 0-1

[Event "TCh-HUN 2017-18"]
[Site "Hungary HUN"]
[Date "2017.11.25"]
[Round "1.11"]
[White "Kecskemeti, Arpad"]
[Black "Honos, Attila"]
[Result "1-0"]
[BlackTitle "FM"]
[WhiteElo "2216"]
[BlackElo "2207"]
[WhiteTeam "Duocor-Makoi SVSE"]
[BlackTeam "MTK Budapest"]
[WhiteFideId "925322"]
[BlackFideId "701459"]
[EventDate "2017.11.25"]
[EventType "team-tourn"]

1. e4 d5 2. exd5 Qxd5 3. Nf3 Nf6 4. d4 a6 5. Be2 Bg4 6. O-O Nc6 7. c4 Qf5 8. Be3
O-O-O 9. Nc3 e5 10. d5 Nb4 11. a3 Bxf3 12. gxf3 Qg6+ 13. Kh1 Nc2 14. Bd3 Nxe3
15. fxe3 Qh6 16. Qe2 g6 17. b4 Nh5 18. Rg1 f5 19. c5 Kd7 20. c6+ bxc6 21. dxc6+
Ke7 22. Bc4 Kf6 23. Nd5+ Rxd5 24. Bxd5 Bd6 25. Bb3 Re8 26. Rad1 g5 27. Qc4 Re7
28. Rxd6+ cxd6 29. c7 1-0

[Event "TCh-HUN 2017-18"]
[Site "Hungary HUN"]
[Date "2017.11.25"]
[Round "1.12"]
[White "Haszon, Kamilla Sara"]
[Black "Juhasz, Barbara"]
[Result "0-1"]
[BlackTitle "WFM"]
[WhiteElo "1985"]
[BlackElo "2190"]
[WhiteTeam "MTK Budapest"]
[BlackTeam "Duocor-Makoi SVSE"]
[WhiteFideId "704784"]
[BlackFideId "743585"]
[EventDate "2017.11.25"]
[EventType "team-tourn"]

1. e4 c5 2. Nf3 e6 3. d4 cxd4 4. Nxd4 a6 5. Nc3 Qc7 6. Qe2 d6 7. Bd2 Nf6 8.
O-O-O Nc6 9. Nb3 b5 10. f4 b4 11. Na4 Be7 12. g4 Nd7 13. g5 Rb8 14. Qc4 Nb6 15.
Nxb6 Qxb6 16. Bh3 a5 17. Qd3 a4 18. Be3 Qb7 19. Nd4 Bd7 20. Rhe1 O-O 21. Bf1
Nxd4 22. Bxd4 e5 23. Be3 exf4 24. Bxf4 Be6 25. b3 axb3 26. axb3 Rfc8 27. Re3 Ra8
28. Kd2 Rc3 29. Qb5 Qc7 30. Rc1 Bxb3 31. Bd3 Rb8 32. Qa6 Rc8 33. cxb3 Rxc1 34.
Bc4 Rg1 35. Qb5 Qa7 36. Re2 Qd4+ 37. Bd3 Rgc1 0-1

[Event "TCh-HUN 2017-18"]
[Site "Hungary HUN"]
[Date "2017.11.26"]
[Round "2.1"]
[White "Mihok, Oliver"]
[Black "Rodshtein, Maxim"]
[Result "0-1"]
[WhiteTitle "GM"]
[BlackTitle "GM"]
[WhiteElo "2543"]
[BlackElo "2688"]
[WhiteTeam "Duocor-Makoi SVSE"]
[BlackTeam "Aquaprofit-NTSK I"]
[WhiteFideId "728012"]
[BlackFideId "2806851"]
[EventDate "2017.11.25"]
[EventType "team-tourn"]

1. e4 c6 2. Nc3 d5 3. Nf3 Bg4 4. h3 Bxf3 5. Qxf3 Nf6 6. d3 e6 7. Bd2 d4 8. Ne2
c5 9. g4 Nc6 10. Bg2 Nd7 11. Qg3 c4 12. O-O h5 13. gxh5 cxd3 14. cxd3 Rxh5 15.
b4 Bxb4 16. Bxb4 Nxb4 17. Qxg7 Qg5 18. Qxg5 Rxg5 19. Rab1 Nxd3 20. f4 Ra5 21. e5
N7c5 22. Nxd4 Rxa2 23. Nb3 O-O-O 24. Nxc5 Nxc5 25. Rbc1 b6 26. Rf2 Rxf2 27. Kxf2
a5 28. h4 Rh8 29. Kg3 Kd7 30. Rd1+ Ke7 31. Bc6 a4 32. Rb1 Rc8 33. Bf3 Nb3 34.
Be2 Rc3+ 35. Kg4 a3 0-1

[Event "TCh-HUN 2017-18"]
[Site "Hungary HUN"]
[Date "2017.11.26"]
[Round "2.2"]
[White "Naiditsch, Arkadij"]
[Black "Sipos, Istvan"]
[Result "1-0"]
[WhiteTitle "GM"]
[BlackTitle "IM"]
[WhiteElo "2700"]
[BlackElo "2468"]
[WhiteTeam "Aquaprofit-NTSK I"]
[BlackTeam "Duocor-Makoi SVSE"]
[WhiteFideId "4650891"]
[BlackFideId "720631"]
[EventDate "2017.11.25"]
[EventType "team-tourn"]

1. c4 e6 2. g3 d5 3. Bg2 Nf6 4. Nf3 Be7 5. O-O O-O 6. Na3 Nbd7 7. d4 c6 8. Bf4
Ne4 9. Ne1 f5 10. f3 Nd6 11. Qc2 Nxc4 12. Nxc4 dxc4 13. Qxc4 Nb6 14. Qd3 c5 15.
Nc2 Bd7 16. Rfd1 Rc8 17. e4 Kh8 18. dxc5 Bxc5+ 19. Kh1 Qe8 20. b3 e5 21. Be3
fxe4 22. fxe4 Bg4 23. Rf1 Qe7 24. Qb5 Rfd8 25. Rae1 Kg8 26. Qa5 Nd7 27. b4 Bb6
28. Qa4 Rc4 29. Qb3 Be6 30. Bh3 Rc6 31. Bxe6+ Qxe6 32. Qxe6+ Rxe6 33. Rd1 Nf6
34. Rxd8+ Bxd8 35. Rd1 Bb6 36. a4 Nxe4 37. Rd7 Rc6 38. Bxb6 Rxc2 39. Bxa7 Ng5
40. Bc5 e4 41. Kg1 Nf3+ 42. Kf1 h5 43. h4 Kh7 44. Rxb7 Kg6 45. Be3 Ra2 46. a5
Kf6 47. Ra7 Ke6 48. b5 Kd5 49. Rd7+ Kc4 50. b6 Nh2+ 51. Ke1 Ng4 52. b7 Rb2 53.
Bb6 1-0

[Event "TCh-HUN 2017-18"]
[Site "Hungary HUN"]
[Date "2017.11.26"]
[Round "2.3"]
[White "Csonka, Balazs"]
[Black "Volokitin, Andrei"]
[Result "1/2-1/2"]
[WhiteTitle "FM"]
[BlackTitle "GM"]
[WhiteElo "2451"]
[BlackElo "2623"]
[WhiteTeam "Duocor-Makoi SVSE"]
[BlackTeam "Aquaprofit-NTSK I"]
[WhiteFideId "742910"]
[BlackFideId "14107090"]
[EventDate "2017.11.25"]
[EventType "team-tourn"]

1. d4 Nf6 2. c4 g6 3. Nc3 d5 4. cxd5 Nxd5 5. e4 Nxc3 6. bxc3 Bg7 7. Nf3 c5 8.
Bb5+ Nc6 9. O-O cxd4 10. cxd4 O-O 11. Be3 Bg4 12. Bxc6 bxc6 13. Rc1 Qa5 14. Qd2
Qxd2 15. Nxd2 Rfd8 16. Nb3 a5 17. Rxc6 a4 18. Nc5 Bxd4 19. Bxd4 Rxd4 20. f3 Be6
21. Nxe6 fxe6 22. Rxe6 Kf7 23. Rc6 Rd2 24. Rf2 Rd1+ 25. Rf1 Rd2 26. Rf2 1/2-1/2